000 00710nam a22002177a 4500
005 20240530110336.0
008 140928s2010 ua abf gr 000 0 ara d
017 _a4152/2010
020 _a97785296312
040 _aEG-CaGPL
082 0 4 _221
_a342.012
_bH f
100 0 _aزاهى حواس
_eمؤلف
245 1 _aالمتحف المصري :
_bمنذ بد /
_cتاليف تبايبليب ،تيلاتيالت ؛تقلابءرب
250 _aط1
300 _a123 ص ،
_bايض ؛
_c24 سم
650 0 7 _aالتعليم
_zمصر
651 0 7 _aمصر
_yالعصر الحديث
_zتاريخ
651 0 7 _aمصر
_xالاحوال السياسية
_yالعصر الحديث
653 _aث
942 _2ddc
_cBK
999 _c59788
_d59788